Временно оккупированные города Украины - Армагеддон - Statistics

General Stats
  • This quiz has been taken 48 times
  • The average score is 10 of 15
Answers on the Grid
Answers color-coded by a green-red scale on the quiz's grid according to % correct below.
Кубинка
Симферополь
Балаково
Тутаев
Котельники
Севастополь
Ливны
Ясногорск
Луганск
Щёкино
Ставрополь
Макеевка
Токмак
Донецк
Алчевск
Шахты
Вырица
Торжок
Мариуполь
Ерофей Павлович
Волчанск
Мелитополь
Бахмут
Шебекино
Марьинка
Олонец
Керчь
Горловка
Большой Камень
Курахово
 
Answer Stats
Answer % Correct
Симферополь
82%
Луганск
82%
Мариуполь
79%
Бахмут
79%
Севастополь
76%
Донецк
74%
Керчь
66%
Горловка
66%
Мелитополь
63%
Макеевка
61%
Волчанск
53%
Марьинка
47%
Курахово
47%
Токмак
45%
Алчевск
42%
No matching quizzes found
Score Distribution
Percent of People with Each Score
Percentile by Number Answered
Your Score History
You have not taken this quiz